[Event "BIH-chT Premier League 2019"]
[Site "Tuzla"]
[Date "2019.06.16"]
[Round "9.7"]
[White "Sedlak, Nikola"]
[Black "Radovanovic, Nikola"]
[Result "1/2-1/2"]
[WhiteElo "2583"]
[BlackElo "2427"]
[Annotator "TA"]
[PlyCount "66"]
[EventDate "2019.06.08"]
[EventType "team-tourn"]
[EventCountry "BIH"]
[SourceTitle "playchess.com"]
[Source "ChessBase"]
[SourceQuality "1"]

{[%evp 9,66,11,5,-14,0,-4,0,-15,0,-10,0,0,0,-12,14,-8,14,4,30,22,29,29,32,29,38,20,35,17,25,20,20,20,20,19,19,24,17,17,25,13,13,15,13,8,7,9,13,8,8,12,15,0,0,0,0,0,2,0,0]} 1. d4 d5 2. Nf3 Nf6 3. Bf4 Bf5 4. e3 e6 5. c4 Bxb1 6. Qxb1 {D02: 1 d4 d5 2 Nf3 sidelines, including 2...Nf6 3 g3 and 2...Nf6 3 Bf4} (6. Rxb1 Bb4+ 7. Ke2 dxc4 8. Qa4+ Nc6 9. Ne5 a5 10. Nxc6 Qd7 11. g3 Nd5 12. Bg2 Ra6 13. a3 Be7 14. Rhc1 Qxc6 15. Qxc4 Nxf4+ 16. gxf4 Qxg2 17. Qxc7 Bd8 18. Qe5 Rc6 19. Rxc6 bxc6 20. Qc5 Qd5 {0-1 (20) So,W (2780)-Wei,Y (2729) chess.com INT 2018}) 6... Bb4+ 7. Kd1 Bd6 8. Bg3 c6 9. Bd3 Qe7 10. Ke2 Nbd7 11. Rd1 h6 12. Kf1 O-O 13. Bh4 e5 (13... dxc4 {seems wilder.} 14. Bxc4 Rac8 15. Qc2 g5 16. Bg3 Bxg3 17. hxg3 Nb6) 14. dxe5 Nxe5 15. cxd5 $146 ({Predecessor:} 15. Nxe5 Qxe5 {1-0 (74) Kobo,O (2489)-Taylor,A (2256) Barcelona 2016}) 15... Nxf3 16. gxf3 cxd5 17. Kg2 Rac8 18. Be2 Rfd8 19. Qf5 Qe6 20. Bd3 g5 21. Bg3 d4 22. exd4 Qxf5 23. Bxf5 {[#] Hoping for Bxd6.} Rc4 24. b3 Rb4 {The position is equal.} 25. Rac1 Bxg3 26. hxg3 Rbxd4 27. Rxd4 Rxd4 $11 {[%mdl 4096] Endgame KRB-KRN} 28. Rc7 Rd2 29. Rxb7 Rxa2 30. Bd3 {Threatens to win with Bc4.} Nd5 31. f4 gxf4 32. g4 Nb6 33. Bb5 Kf8 {Accuracy: White = 62%, Black = 71%.} 1/2-1/2

[Event "BIH-chT Premier League 2019"]
[Site "Tuzla"]
[Date "2019.06.16"]
[Round "9.9"]
[White "Kadric, Denis"]
[Black "Tadic, Branko"]
[Result "1/2-1/2"]
[WhiteElo "2550"]
[BlackElo "2483"]
[Annotator "TA"]
[PlyCount "86"]
[EventDate "2019.06.08"]
[EventType "team-tourn"]
[EventCountry "BIH"]
[SourceTitle "playchess.com"]
[Source "ChessBase"]
[SourceQuality "1"]

{[%evp 12,86,43,44,42,46,47,46,24,26,47,54,46,55,41,35,35,32,26,24,41,0,107,101,95,90,86,78,97,93,93,49,55,39,45,34,48,28,45,24,74,0,82,73,89,101,110,88,127,75,93,74,75,76,78,75,89,50,75,-12,146,-64,-59,-100,-115,-94,-113,-104,-118,-111,-29,-84,-69,-69,-62,-55,0]} 1. e4 c5 2. Nc3 e6 3. Nf3 Nc6 4. d4 cxd4 5. Nxd4 Nf6 6. Ndb5 Bc5 7. Bf4 {[#] And now Nc7+ would win.} O-O {B45: Sicilian Four Knights} 8. Bc7 Qe7 9. Bd6 $1 {[%cal Rd6e7]} Bxd6 {White is slightly better.} 10. Qxd6 a6 11. Qxe7 Nxe7 12. Nd6 b5 {[%cal Bb7b5,Bb5b4][%mdl 32]} 13. O-O-O Ra7 14. Be2 b4 $146 ({Predecessor:} 14... Rc7 15. f4 {1-0 (64) Berg,E (2649)-Lindgren,F (2278) Sweden 2007}) 15. Na4 Bb7 16. Nc5 Bc8 (16... Bc6 $11) 17. Kb1 Rd8 18. f3 a5 19. Bb5 Rc7 20. Nb3 Ra7 21. Ba4 Bb7 22. Nc5 Bc6 23. Bxc6 Nxc6 24. Rd2 $36 {[%mdl 2048] White has the initiative.} Rb8 25. Rhd1 h5 26. f4 (26. b3 $16) 26... Kf8 (26... Ne7 $11) 27. b3 $16 Ke7 28. g3 g6 29. Kb2 Kf8 30. h3 (30. a4 $142) 30... Ke7 31. Rd3 Kf8 32. R1d2 Ke7 33. Kc1 Raa8 34. Kd1 Rg8 35. Nc4 (35. e5 $16 Nd5 36. Rxd5 exd5 37. Rxd5) 35... Ra7 $2 (35... d5 $1 $11 36. e5 (36. exd5 Nxd5 37. h4 Rgd8 $11) 36... Ne8) 36. Ne5 $2 (36. Nb6 $16) 36... Nb8 $1 $15 {aiming for ...Rc7.} 37. g4 hxg4 38. Nxg4 Nxg4 39. hxg4 Rc7 40. Na4 {[#]} Rh8 (40... g5 $1 $17 41. f5 Nc6) 41. Nb6 (41. g5 $11) 41... Rh1+ 42. Ke2 Rh2+ 43. Kd1 Rh1+ {Accuracy: White = 48%, Black = 56%.} ({Black should play} 43... Rh4 $15 44. Rg3 Rc3) 1/2-1/2

[Event "BIH-chT Premier League 2019"]
[Site "Tuzla"]
[Date "2019.06.16"]
[Round "9.10"]
[White "Pasalic, Harun"]
[Black "Stojanovic, Dalibor"]
[Result "0-1"]
[WhiteElo "2304"]
[BlackElo "2507"]
[Annotator "TA"]
[PlyCount "60"]
[EventDate "2019.06.08"]
[EventType "team-tourn"]
[EventCountry "BIH"]
[SourceTitle "playchess.com"]
[Source "ChessBase"]
[SourceQuality "1"]

{[%evp 18,60,-50,-52,-39,-55,-25,-31,-18,-15,-16,-91,-50,-63,-43,-67,-49,-44,-40,-45,-34,-122,-128,-129,-127,-177,-195,-388,-371,-356,-255,-264,-259,-281,-281,-331,-306,-301,-292,-29984,-29985,-29990,-29991,-29992,-29993]} 1. e4 c5 2. Nc3 Nc6 3. f4 g6 4. Nf3 Bg7 5. Bc4 e6 6. d3 Nge7 7. O-O d5 8. Bb3 O-O 9. a4 b6 10. Qe1 Nd4 {B23: Closed Sicilian: Lines without g3} 11. Nxd4 cxd4 12. Nb5 {[%cal Bc3b5,Bb5a3,Ba3c4,Bc4e5][%mdl 32]} a6 {Black is slightly better.} 13. Na3 dxe4 $146 ({Predecessor:} 13... Kh8 14. Bd2 dxe4 15. dxe4 Nc6 16. e5 Rb8 17. Nc4 b5 18. axb5 axb5 {1-0 (35) Kulashko,A (2396)-Green,E (2265) Auckland 1999}) 14. Qxe4 (14. dxe4 $11 {remains equal.} Bb7 15. Bc4) 14... Bd7 15. Nc4 Bc6 $36 {[%mdl 2048] Black fights for an advantage.} 16. Qe2 b5 17. Ne5 Bd5 18. Bxd5 Nxd5 19. axb5 (19. Bd2 $15) 19... axb5 $17 20. Rxa8 Qxa8 21. Qf2 Rc8 22. Qxd4 $2 {[#]} (22. Nf3) 22... Rxc2 $19 23. Qe4 Qc8 24. Qe1 Qc5+ 25. Kh1 Nb4 26. b3 Bxe5 27. fxe5 Nxd3 28. Qh4 $2 {[#]} (28. Be3 $19) 28... Nf2+ {Black mates.} 29. Kg1 Ng4+ {[%mdl 64] Discovered Attack} 30. Kh1 Rxc1 {Accuracy: White = 19%, Black = 82%.} 0-1